Catalog of meteorites from Victoria Land, Antarctica, 1978-1980

שמור ב:
מידע ביבליוגרפי
מחבר ראשי: Marvin, Ursula B. (autora)
מחברים אחרים: Mason, Brian Harold (autor)
פורמט: ספר
שפה:אנגלית
יצא לאור: Washington, D.C Smithsonian Institution 1982
סדרה:Smithsonian Contributions to the Earth Sciences, 24
נושאים:
תגים: הוספת תג
אין תגיות, היה/י הראשונ/ה לתייג את הרשומה!

MARC

LEADER 00000nam a2200000 a 4500
001 UCL7364
003 CL-VaPUC
008 040520e19820000US |||||||||||||||||eng|d
082 0 4 |a 523.51  |b MAR  |2 21 
100 |a Marvin, Ursula B.  |e autora  |9 485248 
700 |a Mason, Brian Harold  |e autor  |9 485246 
245 1 0 |a Catalog of meteorites from Victoria Land, Antarctica, 1978-1980 
300 |a 97 p 
942 |c BK 
945 |d 20040520 00:00:00  |a cmena 
260 |a Washington, D.C  |b Smithsonian Institution  |c 1982 
650 7 |a METEORITOS  |2 CL-VaPUC  |9 485240 
650 0 |a Asteroides  |9 262166 
650 7 |a CUERPOS CELESTES  |2 CL-VaPUC  |9 310384 
651 0 |a Antártica (Antártida)  |9 324088 
583 |a last modification  |c 20040520 00:00:00  |k Rodrigo Vera 
490 0 |a Smithsonian Contributions to the Earth Sciences, 24 
999 |c 309156  |d 309154